[Event "Karl Mala Memorial op-B 16th"]
[Site "Frankfurt"]
[Date "2013.07.11"]
[Round "1"]
[White "Hartge, Simon"]
[Black "Stegner, Marco"]
[Result "0-1"]
[WhiteElo "1411"]
[BlackElo "1865"]
[PlyCount "84"]
[EventDate "2013.07.11"]
[EventType "swiss"]
[EventRounds "7"]
[EventCountry "GER"]
[SourceTitle "CBM 155 Extra"]
[Source "ChessBase"]
[SourceDate "2013.08.26"]
[SourceVersion "1"]
[SourceVersionDate "2013.08.26"]
[SourceQuality "1"]

1. d4 Nf6 2. c4 g6 3. Nc3 Bg7 4. Nf3 0-0 5. e4 d6 6. Be2 e5 7. Be3 Ng4 8. Bg5 f6 9. Bc1 f5 10. exf5 Bxf5 11. dxe5 dxe5 12. Qxd8 Rxd8 13. h3 Nh6 14. Nd5 Na6 15. Bxh6 Bxh6 16. Nxe5 Bg7 17. f4 Re8 18. 0-0 Bxe5 19. fxe5 Rxe5 20. Bf3 c6 21. Nf6+ Kg7 22. Ng4 Re7 23. Rfe1 Rd7 24. a3 Nc5 25. Nf2 Rd2 26. Re2 Rad8 27. Rxd2 Rxd2 28. b4 Nd3 29. Nxd3 Rxd3 30. Kf2 Kf6 31. c5 h6 32. Be2 Rd4 33. Rd1 Ke5 34. Bf3 Rxd1 35. Bxd1 Kd4 36. Ke2 Kc3 37. Ke3 Be6 38. Be2 Kb3 39. Kd4 Kxa3 40. Bc4 Bxc4 41. Kxc4 Ka4 42. g4 g5 0-1